| 000 | 00758nam a2200229 i 4500 | ||
|---|---|---|---|
| 001 | 26103 | ||
| 003 | ES-MaACL | ||
| 005 | 20250828090933.0 | ||
| 007 | t| | ||
| 008 | 030107s1958 sp ||||1| spa d | ||
| 100 | 1 |
_aArnold, Franz Xaver. _923107 |
|
| 245 | 1 | 3 |
_aLa mujer en la Iglesia / _cFrancisco Javier Arnold. |
| 260 |
_aMadrid : _bSociedad de Educación Atenas, _c1958 ( _fHelénica) |
||
| 300 |
_a128 p. ; _c22 cm. |
||
| 490 | 1 |
_aApostolado femenino ; _v5 |
|
| 650 | 7 |
_aMujeres en la Iglesia Católica _2embne _9155915 |
|
| 650 | 7 |
_aMujeres en el cristianismo _2embne _915332 |
|
| 710 | 2 |
_aSociedad de Educación Atenas _96665 |
|
| 830 | 1 |
_aApostolado femenino ; _v5 _9183999 |
|
| 852 | 4 |
_aES-MaACL _jC-14362 |
|
| 999 |
_c26103 _d26103 |
||